Hortolans (Record no. 122705)

MARC details
000 -LEADER
campo de control de longitud fija 00647nam a2200193 4500
001 - NÚMERO DE CONTROL
campo de control 122705
003 - IDENTIFICADOR DE NÚMERO DE CONTROL
campo de control ES-MaACL
005 - FECHA Y HORA DE LA ÚLTIMA TRANSACCIÓN
campo de control 20230906192028.0
007 - CAMPO FIJO DE DESCRIPCIÓN FÍSICA--INFORMACIÓN GENERAL
campo de control de longitud fija t|
008 - DATOS DE LONGITUD FIJA--INFORMACIÓN GENERAL
campo de control de longitud fija 070214s1967 sp r ||||1| cat d
100 1# - ENTRADA PRINCIPAL--NOMBRE DE PERSONA
Nombre de persona Puig-Espert, Francisco.
9 (RLIN) 94264
245 10 - MENCIÓN DEL TÍTULO
Título Hortolans
Resto del título : poesies /
Mención de responsabilidad, etc. per Francisco Puig-Espert ; proleg de Sicania ; illustracions de Puig-Espert ; fotogravats de Vilaseca.
260 ## - PUBLICACIÓN, DISTRIBUCIÓN, ETC.
Lugar de publicación, distribución, etc. Valencia :
Nombre del editor, distribuidor, etc. [s.n.],
Fecha de publicación, distribución, etc. 1967 (
Fabricante Imp. Cortell)
300 ## - DESCRIPCIÓN FÍSICA
Extensión 110 p., 12 lám. ;
Dimensiones 17 cm.
700 1# - ENTRADA AGREGADA--NOMBRE PERSONAL
Nombre de persona Sicania.
9 (RLIN) 106184
700 1# - ENTRADA AGREGADA--NOMBRE PERSONAL
Nombre de persona Vilaseca.
9 (RLIN) 114833
852 ## - LOCALIZACIÓN
Ubicación ES-MaACL
Número de control de estantería C-34287
Sublocalización o colección R.65240
852 ## - LOCALIZACIÓN
Ubicación ES-MaACL
Número de control de estantería C-33902
Sublocalización o colección R.64504
Holdings
Estatus retirado Estado de pérdida Estado de daño No para préstamo Biblioteca de origen Biblioteca actual Ubicación en estantería Fecha de adquisición Fuente de adquisición Total de préstamos Signatura topográfica completa Código de barras Visto por última vez Precio de reemplazo Tipo de ítem Koha
        Biblioteca del Ateneo de Madrid Biblioteca del Ateneo de Madrid Depósito 2 17/01/2008     C-33902 1127860 23/02/2023 23/02/2023 Libro impreso
        Biblioteca del Ateneo de Madrid Biblioteca del Ateneo de Madrid Depósito 2 17/01/2008     C-34287 1127859 23/02/2023 23/02/2023 Libro impreso